000 00520cam a2200181ua 4500
020 _c16.00
041 _aeng
_h
082 _a515.1
_bGIB/EL
100 _aGibson, George A .
245 _aElementary treatise on the calculus with illustrutions from geometry ,mechanics and physics /
_cGeorge A Gibson.
_hTextual Documents
250 _a1 /
_b.
260 _aNeoyork :
_bMacMillan and Company Limited ,
_c1961.
300 _a527 ; .
365 _a16.00
504 _a
942 _cBK
999 _c2215
_d2215